[Event "Montreal Pere Noel U1500"]
[Site "Montreal"]
[Date "2012.12.28"]
[Round "3.38"]
[White "Berthiaume, Yves"]
[Black "Saint Cyr, Xavier"]
[Result "0-1"]
[WhiteElo "1322"]
[BlackElo "1350"]
[PlyCount "124"]
[EventDate "2012.12.26"]
[EventType "swiss"]
[EventRounds "5"]
[EventCountry "CAN"]
[SourceTitle "EXT 2022"]
[Source "ChessBase"]
[SourceDate "2021.10.06"]
[SourceVersion "1"]
[SourceVersionDate "2021.10.06"]
[SourceQuality "1"]

1. d4 d5 2. c4 e6 3. g3 b6 4. Bg2 Bb7 5. Nf3 Nf6 6. 0-0 Nbd7 7. Nbd2 c5 8. e3 Be7 9. b3 0-0 10. Bb2 Re8 11. Rc1 Nb8 12. Ne5 Nfd7 13. Re1 Nxe5 14. dxe5 Nc6 15. Nf3 dxc4 16. Rxc4 Qxd1 17. Rxd1 Red8 18. Rcc1 Na5 19. Nd2 Bxg2 20. Kxg2 Rd5 21. Ne4 Rad8 22. Nd6 Bxd6 23. Rxd5 exd5 24. exd6 Rxd6 25. Be5 Rd7 26. b4 Nc4 27. Ba1 cxb4 28. e4 b5 29. Rd1 Nb6 30. Rd4 a5 31. Bb2 Kf8 32. e5 Ke7 33. Ba1 Ke6 34. Rg4 g6 35. h4 Nc4 36. h5 Nxe5 37. Rd4 Nc6 38. Rd1 d4 39. hxg6 hxg6 40. Re1+ Kd5 41. Rd1 Kc5 42. Rc1+ Kb6 43. Rd1 a4 44. Rd3 Kc5 45. Rd1 Re7 46. Kf1 f5 47. Rd3 g5 48. Bb2 g4 49. Ba1 Kc4 50. Rd1 Kd5 51. Bb2 Re4 52. Bc1 Ne5 53. Bh6 d3 54. Bf8 b3 55. axb3 axb3 56. Bg7 Kc4 57. Rc1+ Kb4 58. Bf8+ Ka5 59. Ba3 Nc4 60. Rd1 Nxa3 61. Rxd3 b2 62. Rxa3+ Kb4 0-1

[Event "Quebec-ch U10"]
[Site "Montreal"]
[Date "2009.11.29"]
[Round "4"]
[White "Brichko, Kate"]
[Black "Saint Cyr, Xavier"]
[Result "0-1"]
[WhiteElo "936"]
[BlackElo "1046"]
[PlyCount "72"]
[EventDate "2009.11.27"]
[EventType "swiss"]
[EventRounds "5"]
[EventCountry "CAN"]
[SourceTitle "EXT 2011"]
[Source "ChessBase"]
[SourceDate "2010.11.26"]
[SourceVersion "1"]
[SourceVersionDate "2010.11.26"]
[SourceQuality "1"]

1. e4 e5 2. Bc4 Nc6 3. d3 Bc5 4. Nf3 d6 5. Ng5 Be6 6. Bxe6 fxe6 7. Nxe6 Qe7 8. Nxc5 dxc5 9. Nc3 0-0-0 10. a4 Rf8 11. Nd5 Qd6 12. b3 Nf6 13. Nc3 h5 14. Nb5 Qd7 15. Ba3 a6 16. Nc3 Qd4 17. Bb2 Ng4 18. Rf1 Nxf2 19. Rb1 Nxd1 20. Rxf8+ Rxf8 21. Ne2 Qf2+ 22. Kd2 Nxb2 23. Rxb2 Nd4 24. Kc3 Nxe2+ 25. Kc4 Qxg2 26. c3 Qxh2 27. Kxc5 Rf2 28. Rb1 Nxc3 29. Re1 Rc2 30. Rf1 Nxe4+ 31. Kd5 Nf6+ 32. Ke6 Qh3+ 33. Ke7 Qxf1 34. b4 Qxd3 35. Kf7 Qd7+ 36. Kg6 Rg2# 0-1